30 Décimales de PI en 30 secondes - Statistiques

Statistiques générales
  • Ce quiz a été pris 2 599 fois
  • Le résultat moyen est 15 sur 30
Statistiques - réponses
Décimale N°16 Chiffre % Correct
01 1
100%
02 4
98%
03 1
96%
04 5
93%
05 9
88%
06 2
83%
07 6
78%
08 5
72%
09 3
67%
10 5
62%
11 8
55%
12 9
50%
13 7
45%
14 9
42%
15 3
39%
16 2
36%
17 3
34%
18 8
31%
19 4
30%
20 6
29%
21 2
28%
22 6
27%
23 4
26%
24 3
25%
25 3
24%
26 8
22%
27 3
21%
28 2
20%
29 7
19%
30 9
18%
Aucun quiz correspondant
Distribution des résultats
% des personnes avec chaque résultat
Percentile par nombre de réponses
Votre historique - résultats
Vous n’avez pas pris ce quiz